| 000 | 01311cam a2200385Ia 4500 | ||
|---|---|---|---|
| 001 | 10562662 | ||
| 003 | USPCAS-E | ||
| 005 | 20180118181420.0 | ||
| 006 | m d | ||
| 007 | cr n | ||
| 008 | 130823s2013 njua s 001 0 eng d | ||
| 020 | _a9781118761144 | ||
| 020 | _a9781848214965 | ||
| 035 | _a(WaSeSS)ssj0001034882 | ||
| 040 |
_aCaPaEBR _cCaPaEBR _dWaSeSS |
||
| 050 | 4 |
_aTK2896 _b.G53 2013eb |
|
| 082 |
_223 _a621.312423 _bGLA-L 2013 |
||
| 100 | 1 |
_aGlaize, Christian. _eauther |
|
| 210 | 1 | 0 | _aLithium batteries and other electrochemical storage systems |
| 245 | 1 | 0 |
_aLithium batteries and other electrochemical storage systems _cChristian Glaize, Sylvie Genies. |
| 260 |
_aHoboken, NJ : _bJohn Wiley and Sons, _c2013. |
||
| 300 |
_axvii, 353p: _bill., _c24cm. |
||
| 500 | _aIncludes index. | ||
| 502 | _a. | ||
| 506 | _aLicense restrictions may limit access. | ||
| 650 | 0 | _aLithium cells. | |
| 650 | 0 |
_aEnergy storage _xMaterials. |
|
| 655 | 7 |
_aElectronic books. _2local |
|
| 700 | 1 | _aGenies, Sylvie. | |
| 710 | 2 | _aebrary, Inc. | |
| 773 | 0 | _tWiley-Blackwell Online Books | |
| 856 | 4 | 0 |
_uhttp://www.columbia.edu/cgi-bin/cul/resolve?clio10562662 _zFull text available from Wiley-Blackwell Online Books |
| 910 | _aVendor-generated brief record | ||
| 942 |
_2ddc _cBK |
||
| 999 |
_c355995 _d355995 |
||